00429nam a2200169 a 4500001001300000003000900013005001700022008004100039020001000080082001700090245003900107260004000146300000800186500003500194650001500229710001500244nice12345678IN_TiNIC20260116014502.0070312s2000 chea grd 000 0 eng  ac10000a291.172bINT aInterfaith Listening Pilot Program aChennai bLilly Soosai Opset c2000 a00p aincludes index and biblioraphy aInterfaith2 aInterfaith